000 01493nam0a22003611 4500
001 RU\NLR\Evr\7639
005 20251202160538.0
035 _a(NLR Aleph) 011424014
090 _a11619206
_c11619206
100 _a20141020d1932 u y0rusy50 ca
101 0 _ayid
102 _aRU
105 _ay |||||||||
200 1 _6a01
_7ba
_aValdheym
_fAl. Segalovitsh
210 _6a01
_aBirebidzshan
_cGezerd-forshteyershaft bam Birebidzshaner oysfirkom
_d1932
_7ba
210 _6a01
_9z02
_aבירעבידזשאן
_cגעזערד-פאָרשטייערשאפט באם בירעבידזשאנער רייויספירקאָם
_d1932
210 _9z02
_aБиробиджан
_cПредставительство ОЗЕТа при Биробиджанском исполкоме
_d1932
_7ca
215 _a24 с.
_d20 см.
225 1 _6a01
_7ba
_aBirebidzshaner aynvanderung-erter
225 1 _6a01
_9z02
_aבירעבידזשאנער איינוואנדערונג-ערטער
225 1 _7ca
_9z02
_aБиробиджанские переселенческие места
510 1 _6a01
_aוואלדהיים
_fאל. סעגאלאָוויטש
541 1 _aВалдгейм
_zrus
700 1 _aСегалович
_bАл.
_3RU\NLR\AUTH\7957715
_4070
_7ca
801 0 _aRU
_bNLR
_c20141020
_gpsbo
801 0 _aRU
_bNLR
_gPSBO
801 1 _aRU
_bNLR
_c20141020
_2rusmarc
801 2 _aRU
_bNLR
_c20141020
_2rusmarc
852 _aNLR
_bОЛСАА/идиш
_jК-4862
942 _cBOOK
980 _aNB
980 1 _aIDISH